Behandlung gesteigerter Aggressivität eines Patienten bei epileptischer Grunderkrankung und aufgetretenem Ehekonflikt

Saved in:  
Bibliographic Details
Main Author: Hoppe, Christian (Author)
Format: Print Article
Language:German
Check availability: HBZ Gateway
Interlibrary Loan:Interlibrary Loan for the Fachinformationsdienste (Specialized Information Services in Germany)
Published: 2002
In: Zeitschrift für medizinische Ethik
Year: 2002, Volume: 48, Issue: 3, Pages: 305-306
Standardized Subjects / Keyword chains:B Epileptic / Disposition to violence / Marital conflict / Psychotherapy
RelBib Classification:NCG Environmental ethics; Creation ethics
ZD Psychology

MARC

LEADER 00000caa a22000002c 4500
001 1645853209
003 DE-627
005 20220616123201.0
007 tu
008 160405s2002 xx ||||| 00| ||ger c
035 |a (DE-627)1645853209 
035 |a (DE-576)466703848 
035 |a (DE-599)BSZ466703848 
040 |a DE-627  |b ger  |c DE-627  |e rakwb 
041 |a ger 
084 |a 1  |2 ssgn 
100 1 |0 (DE-627)1240123523  |0 (DE-576)170123529  |4 aut  |a Hoppe, Christian 
109 |a Hoppe, Christian  |a Hoppe, Chr. 
245 1 0 |a Behandlung gesteigerter Aggressivität eines Patienten bei epileptischer Grunderkrankung und aufgetretenem Ehekonflikt 
264 1 |c 2002 
336 |a Text  |b txt  |2 rdacontent 
337 |a ohne Hilfsmittel zu benutzen  |b n  |2 rdamedia 
338 |a Band  |b nc  |2 rdacarrier 
601 |a Behandlung 
601 |a Patient 
652 |a NCG:ZD 
689 0 0 |d s  |0 (DE-588)4152512-7  |0 (DE-627)10553773X  |0 (DE-576)209796138  |2 gnd  |a Epileptiker 
689 0 1 |d s  |0 (DE-588)4141621-1  |0 (DE-627)105618969  |0 (DE-576)209712791  |2 gnd  |a Aggressivität 
689 0 2 |d s  |0 (DE-588)4113379-1  |0 (DE-627)10435383X  |0 (DE-576)209475986  |2 gnd  |a Ehekonflikt 
689 0 3 |d s  |0 (DE-588)4047746-0  |0 (DE-627)106193694  |0 (DE-576)209074590  |2 gnd  |a Psychotherapie 
689 0 |5 (DE-627) 
773 0 8 |i In  |t Zeitschrift für medizinische Ethik  |d Leiden, The Netherlands : Brill | Mentis, 1993  |g 48(2002), 3, Seite 305-306  |w (DE-627)131196839  |w (DE-600)1149764-6  |w (DE-576)034198989  |x 0944-7652  |7 nnas 
773 1 8 |g volume:48  |g year:2002  |g number:3  |g pages:305-306 
935 |a mteo 
951 |a AR 
ELC |b 1 
ITA |a 1  |t 1 
LOK |0 000 xxxxxcx a22 zn 4500 
LOK |0 001 3315871035 
LOK |0 003 DE-627 
LOK |0 004 1645853209 
LOK |0 005 20160405150155 
LOK |0 008 160404||||||||||||||||ger||||||| 
LOK |0 040   |a DE-Tue135  |c DE-627  |d DE-Tue135 
LOK |0 092   |o n 
LOK |0 852   |a DE-Tue135 
LOK |0 852 1  |9 00 
LOK |0 935   |a ixzs  |a ixmi 
LOK |0 936ln  |0 1442052988  |a NCG 
LOK |0 936ln  |0 1442053747  |a ZD 
LOK |0 939   |a 04-04-16  |b l01 
ORI |a SA-MARC-ixtheoa001.raw 
REL |a 1 
STA 0 0 |a Disposition to violence,Violence,Inclination to violence,Epileptic,Marital conflict,Marital crisis,Psychotherapy,Psychological treatment,Treatment 
STB 0 0 |a Agressivité,Conflit conjugal,Psychothérapie,Épileptique 
STC 0 0 |a Agresividad,Conflicto matrimonial,Epiléptico,Psicoterapia 
STD 0 0 |a Aggressività,Conflitto coniugale,Epilettico,Psicoterapia 
STE 0 0 |a 侵略性,暴力倾向,攻击性,婚姻冲突,心理治疗,精神治疗,癫癎病人,癫癎患者 
STF 0 0 |a 侵略性,暴力傾向,攻擊性,婚姻衝突,心理治療,精神治療,癲癎病人,癲癎患者 
STG 0 0 |a Agressividade,Conflito matrimonial,Epiléptico,Psicoterapia 
STH 0 0 |a Агрессивность,Психотерапия,Супружеский конфликт,Эпилептик 
STI 0 0 |a Επιθετικότητα,Επιληπτικός,Συζυγική σύγκρουση,Ψυχοθεραπεία 
SUB |a REL 
SYG 0 0 |a Gewaltbereitschaft,Gewaltdisposition , Ehe,Ehekrise,Ehestreit,Ehekrach , Behandlung,Psychologische Behandlung